02614 a2200205 45000010006000000050017000060080041000230030015000640400040000790800031001192450074001502500011002242640028002353000019002635052028002821000023023107000021023337000031023547000023023852311420260407155520.0260407a1962 arg spa dAR-UNSa-BCEJYS aAR-UNSa-BCEJYSbspacAR-UNSa-BCEJYS a330xEconomía en general10aGuia de estudio y libro de ejerciciospdel curso de conomía moderna a2a. ed 1aMadrid :bAguilarc1962 a512 p.c21 cm. a1. Introducción - 2. Los problemas centrales de toda sociedad económica - 3. Funcionamiento del sistema mixto de empresa capitalista - 4. Ingresos individuales y familiares - 5. Las empresas: su organización e ingresos - 6. Función económica del estado: El gasto público,la regulación de la actividad económica y la financiación del gasto - 7. La función económica del estado: los impuestos federales y las haciendas locales - 8. Los trbajadores y las relaciones industriales - 9. La economía individual y los seguros sociales - 10. Renta y producto nacionles - 11. Ahorro, consumo e inversión - 12. La teoría de la deterinación de la renta - 13. El ciclo económico - 14. Precios y dinero - 15. El sistema bancario y la creación de depositos - 16. La politica monetaria de la banca central - 17. La politica monetaria de la banca central - 18. Síntesis de la politica monetaria y del análisis de la renta - 19. Detrminación del precio por la oferta y la demanda - 20. La oferta y la demanda aplicadas a la agricultura - 21. La oferta y la demanda aplicadas a la agricultura - 22. La dinámica de la especulación y del riego - 23. La teoría del consumo y la demanda - 24. El equilibrio de la empresa: Costes e ingresos - 25. La competencia imperfecta - 26. Teoría de la producción y de la productividad marginal - 27. Los precios de los factores de la producción: La renta de la tierra y de otros recursos naturales - 28. Los salarios de competencia y las negociaciones colectivas - 29. El interés y el capital - 30. Beneficios y alicientes - 31. La balanza de los pagos internacionales - 32. El comercio internacional y la teoría de los costes comparativos - 33. Teoría de la protección arancelaria y de la actualidad - 34. Los problemas económicos internacionales de la actualidad - 35. La teoría económica de la tecnología - 36. La economía de guerra y defensa - 37. Problemas de crecimiento y del desarrollo - 38. Los distintos sistemas económicos.1 aSamuelson, Paul A.1 aRobinson, Romney1 aBarinaga Blanco, Jose Luis1 aBaldwin, George B.